000 00225nam a22000977a 4500
999 _c519489
_d519489
082 _aTNC T1 C733
245 _aCompassionate economy
260 _aNew Delhi
_bTibet House
_c2005
300 _a107p
650 _aEconomics
_930561